01436cam a22003617a 4500999001700000001000900017005001700026008004100043010001700084015001500101020003900116020004400155035002300199040001800222042001400240043001200254050002600266100002100292245011300313260009000426300004000516500011700556504004900673610006200722650002400784650002600808650005200834650005400886700002300940700002800963710004800991942003501039 c21213d212131305018020170121100430.0030107s2002 nyua bc 000 0 eng  a 2002727195 aGBA3-Z8806 a0300098766 (Yale University Press) a1588390268 (Metropolitan Museum of Art) a(OCoLC)ocm51234842 aUKMcUKMdDLC alccopycat an-us-ny00aNK6601 b.N4M47 20021 aPyhrr, Stuart W.10aArms and armor :bnotable acquisitions, 1991-2002 /cStuart W. Pyhrr, Donald J. LaRocca, and Morihiro Ogawa. aNew York :bMetropolitan Museum of Art ;aNew Haven :bYale University Press,cc2002. a63 p. :bill. (some col.) ;c28 cm. aPublished in conjunction with an exhibition held at the Metropolitan Museum of Art, Sept. 4, 2002-June 29, 2003. aIncludes bibliographical references (p. 32).20aMetropolitan Museum of Art (New York, N.Y.)vExhibitions. 0aArmorvExhibitions. 0aWeaponsvExhibitions. 0aArmorzNew York (State)zNew YorkvExhibitions. 0aWeaponszNew York (State)zNew YorkvExhibitions.1 aLaRocca, Donald J.1 aOgawa, Morihiro,d1946-2 aMetropolitan Museum of Art (New York, N.Y.) 2lcccBOOKShNK6601 .N4M47 2002